000 02607nas1a22005411i 4500
001 RU\NLR\INFOCOMM6\1000395958
005 20260407072213.0
011 _a0208-189Х
035 _a(NLR Aleph) 002715605
090 _a1823151
_c1823151
100 _a20040219d19841999|||y0rusy50 ca
101 0 _arus
102 _aRU
110 _aahu||||0|y0
200 1 _aГорючие сланцы
_dOil Shale
_fАН СССР, АН ЭССР
_zeng
210 _aПетрозаводск
_cПериодика
_d1984 - 1999
300 _aС Т.17 (2000) выходит на англ. яз. и хранится в фонде иностр. периодики (шифр Р8/1279)
510 1 _aOil Shale
_zeng
712 0 2 _4570
_aАкадемия наук Эстонии
_cТаллин
_3RU\NLR\AUTH\886042
_9283829
712 0 2 _4570
_aАН СССР
_3RU\NLR\AUTH\881046
_9272478
791 0 2 _8eng
_aAcademy of sciences of Estonia
_cTallinn
_7ba
_3RU\NLR\AUTH\886041
_9283828
801 2 _aRU
_bNLR
_c20080409
_2rusmarc
801 1 _aRU
_bInfoComm
_c20040219
801 0 _aRU
_bNLR
_gPSBO
852 _aNLR
_jП11/3352
942 _cJOURNAL
980 _aRUSPER